00554nam a22001337a 4500999001500000003000400015008004100019245005600060250006000116260002400176650002700200942001200227952018100239 c9512d9512OSt201203b ||||| |||| 00| 0 eng d aSadhana Academy Proceedings in Engineering Sciences a2011(Aug Vol.36 No.4, Oct Vol.36 No.5, Dec Vol.36 No.6) aBengalurubSpringer aMechanical Engineering 2ddccBV 00102ddc3Bound Volume40718BTECHMEaPIETbPIETd2020-12-09eSpringerh2011(Aug Vol.36 No.4, Oct Vol.36 No.5, Dec Vol.36 No.6)l0pBV158r2020-12-09 00:00:00w2011-01-09yBV